South Eastern Kenya University

Library Online Public Access Catalogue


Forced exit : (Record no. 6399)

MARC details
000 -LEADER
fixed length control field 00931cam a2200277 a 4500
001 - CONTROL NUMBER
control field 4473188
003 - CONTROL NUMBER IDENTIFIER
control field OSt
005 - DATE AND TIME OF LATEST TRANSACTION
control field 20150720143016.0
008 - FIXED-LENGTH DATA ELEMENTS--GENERAL INFORMATION
fixed length control field 961125s1997 nyu b 001 0 eng
010 ## - LIBRARY OF CONGRESS CONTROL NUMBER
LC control number 96046723
020 ## - INTERNATIONAL STANDARD BOOK NUMBER
International Standard Book Number 0812927907 (alk. paper)
040 ## - CATALOGING SOURCE
Original cataloging agency SEKU
050 00 - LIBRARY OF CONGRESS CALL NUMBER
Classification number R 726
Item number .S5 1997
100 1# - MAIN ENTRY--PERSONAL NAME
Personal name Smith, Wesley J.
245 10 - TITLE STATEMENT
Title Forced exit :
Remainder of title the slippery slope from assisted suicide to legalized murder /
Statement of responsibility, etc. Wesley J. Smith.
250 ## - EDITION STATEMENT
Edition statement 1st ed.
260 ## - PUBLICATION, DISTRIBUTION, ETC. (IMPRINT)
Place of publication, distribution, etc. New York :
Name of publisher, distributor, etc. Times Books,
Date of publication, distribution, etc. c1997.
300 ## - PHYSICAL DESCRIPTION
Extent xxvi, 291 p. ;
Dimensions 25 cm.
504 ## - BIBLIOGRAPHY, ETC. NOTE
Bibliography, etc Includes bibliographical references (p. [259]-277) and index.
650 #0 - SUBJECT ADDED ENTRY--TOPICAL TERM
Topical term or geographic name as entry element Assisted suicide.
650 12 - SUBJECT ADDED ENTRY--TOPICAL TERM
Topical term or geographic name as entry element Suicide, Assisted
General subdivision trends
Geographic subdivision United States.
650 22 - SUBJECT ADDED ENTRY--TOPICAL TERM
Topical term or geographic name as entry element Euthanasia
General subdivision trends
Geographic subdivision United States.
650 22 - SUBJECT ADDED ENTRY--TOPICAL TERM
Topical term or geographic name as entry element Ethics, Medical.
856 42 - ELECTRONIC LOCATION AND ACCESS
Materials specified Publisher description
Uniform Resource Identifier <a href="http://www.loc.gov/catdir/description/random0411/96046723.html">http://www.loc.gov/catdir/description/random0411/96046723.html</a>
942 ## - ADDED ENTRY ELEMENTS (KOHA)
Source of classification or shelving scheme Library of Congress Classification
Koha item type General circulation
Holdings
Withdrawn status Lost status Source of classification or shelving scheme Damaged status Not for loan Home library Current library Shelving location Date acquired Source of acquisition Total Checkouts Full call number Barcode Date last seen Price effective from Koha item type Public note
    Library of Congress Classification     Main Campus Library Main Campus Library General Stacks 20/07/2015 Donation-Books for Africa   R 726 .S5 1997 2015/003747 20/07/2015 20/07/2015 General circulation amk
Kitui, Kenya.
+254736116989
library@seku.ac.ke